[Event "4NCL Division 3"]
[Site "Daventry Court ENG"]
[Date "2015.05.02"]
[Round "9.99"]
[White "McDonagh, Michael"]
[Black "George, Andrew P"]
[Result "1/2-1/2"]
[WhiteElo "1997"]
[BlackElo "2035"]
[PlyCount "132"]
[EventDate "2015.05.02"]

1. e4 g6 2. d4 Bg7 3. Nc3 d6 4. f4 a6 5. Nf3 Bg4 6. Be3 Nc6 7. d5 Bxf3 8. gxf3
Na7 9. Qd2 c5 10. dxc6 Nxc6 11. O-O-O Qa5 12. Bc4 Rc8 13. Bb3 Nf6 14. Kb1 O-O
15. Rhg1 Qh5 16. Qf2 h6 17. Nd5 Nd7 18. f5 Nde5 19. Rdf1 g5 20. h4 e6 21. f6
exd5 22. fxg7 Kxg7 23. exd5 Na5 24. hxg5 Nxb3 25. gxh6+ Kh8 26. axb3 Ng6 27.
Rg5 Qh3 28. Bd4+ Kh7 29. f4 f6 30. Qg2 Qxg2 31. Rxg2 Rf7 32. f5 Ne7 33. c4 b5
34. cxb5 axb5 35. Bxf6 Rxf6 36. Rg7+ Kxh6 37. Rxe7 Rc5 38. Re6 Kg7 39. Rc1 Rxd5
40. Rc7+ Rf7 41. Rg6+ Kf8 42. Rxf7+ Kxf7 43. Re6 Rxf5 44. Rxd6 Ke7 45. Rd3 Ke6
46. Kc2 Rd5 47. Re3+ Kd6 48. Kc3 Kc5 49. Re4 Rh5 50. b4+ Kd6 51. Rg4 Rh6 52.
Rg5 Kc6 53. Rc5+ Kb6 54. Re5 Rh3+ 55. Kd4 Rh4+ 56. Re4 Rh6 57. Kd5 Rh5+ 58. Re5
Rh2 59. Re6+ Kb7 60. Kc5 Rh5+ 61. Kd6 Rh2 62. b3 Rc2 63. Kd5 Rc7 64. Kd4 Rc1
65. Rd6 Rc7 66. Rd5 Kb6 1/2-1/2

[Event "4NCL Division 3"]
[Site "Daventry Court ENG"]
[Date "2015.05.02"]
[Round "9.99"]
[White "Walker, Andrew"]
[Black "Cooper, John G"]
[Result "1/2-1/2"]
[WhiteElo "2084"]
[BlackElo "2004"]
[PlyCount "38"]
[EventDate "2015.05.02"]

1. e4 c5 2. Nc3 e6 3. g3 d5 4. d3 dxe4 5. Nxe4 Nf6 6. Bg2 Nxe4 7. Bxe4 Nd7 8.
Ne2 Nf6 9. Bg2 Be7 10. O-O O-O 11. b3 Qc7 12. Bb2 Bd7 13. Nf4 Bc6 14. Nh5 Bxg2
15. Nxf6+ Bxf6 16. Bxf6 gxf6 17. Qg4+ Kh8 18. Kxg2 Qc6+ 19. Qf3 Rac8 1/2-1/2

[Event "4NCL Division 3"]
[Site "Daventry Court ENG"]
[Date "2015.05.02"]
[Round "9.99"]
[White "Mort, Andrew J"]
[Black "Burke, Steve"]
[Result "1/2-1/2"]
[WhiteElo "1918"]
[BlackElo "1935"]
[PlyCount "38"]
[EventDate "2015.05.02"]

1. c4 e6 2. g3 d5 3. Bg2 c6 4. Nf3 Nf6 5. O-O Be7 6. b3 O-O 7. Bb2 a5 8. d3 Na6
9. Nbd2 b6 10. Rc1 Bb7 11. Ne5 Rc8 12. d4 Nd7 13. Ndf3 Nxe5 14. Nxe5 f6 15. Nd3
Bd6 16. Qd2 Qe7 17. cxd5 cxd5 18. Bh3 Rxc1 19. Rxc1 Rc8 1/2-1/2

[Event "4NCL Division 3"]
[Site "Daventry Court ENG"]
[Date "2015.05.02"]
[Round "9.99"]
[White "Taylor, Bob"]
[Black "Hulme, David I"]
[Result "1/2-1/2"]
[WhiteElo "1922"]
[BlackElo "1810"]
[PlyCount "92"]
[EventDate "2015.05.02"]

1. d4 Nf6 2. Bg5 e6 3. e3 Be7 4. Bd3 b6 5. Nd2 Bb7 6. Ngf3 d5 7. Ne5 O-O 8. f4
Nbd7 9. Ndf3 Ne4 10. Bxe7 Qxe7 11. c3 Nxe5 12. fxe5 f5 13. h4 c5 14. Rh3 c4 15.
Bc2 b5 16. Qe2 a5 17. Bxe4 dxe4 18. Nd2 Ba6 19. g4 g6 20. h5 g5 21. gxf5 exf5
22. h6 Bc8 23. Rh5 Ra6 24. Qh2 Rg6 25. d5 f4 26. e6 Qc5 27. Nxe4 Qxd5 28. e7
Qxe4 29. exf8=Q+ Kxf8 30. O-O-O Qxe3+ 31. Kb1 Bg4 32. Rh1 Bxh5 33. Qxh5 Qd3+
34. Ka1 f3 35. Qh2 Rd6 36. a3 Qg6 37. Qg3 Qf6 38. Rf1 Rd3 39. Qb8+ Rd8 40. Qxb5
g4 41. Qc5+ Kf7 42. Qxc4+ Qe6 43. Qc7+ Rd7 44. Qf4+ Kg6 45. Rg1 Kh5 46. Rh1+
Kg6 1/2-1/2

[Event "4NCL Division 3"]
[Site "Daventry Court ENG"]
[Date "2015.05.02"]
[Round "9.99"]
[White "White, Mark W"]
[Black "Cooper, Lawrence H"]
[Result "0-1"]
[WhiteElo "2080"]
[BlackElo "2337"]
[PlyCount "44"]
[EventDate "2015.05.02"]

1. e4 e5 2. Bb5 c6 3. Ba4 Nf6 4. Nc3 Bb4 5. Nf3 O-O 6. O-O d5 7. exd5 e4 8.
dxc6 exf3 9. Qxf3 Nxc6 10. Bxc6 Bg4 11. Qf4 Bd6 12. Qa4 bxc6 13. Qxc6 Rc8 14.
Qa4 Qe7 15. d4 Qc7 16. h3 Bd7 17. Qa6 Bb4 18. Bd2 Bxc3 19. Bxc3 Nd5 20. Rfc1
Nxc3 21. bxc3 Be6 22. a4 Bc4 0-1

[Event "4NCL Division 3"]
[Site "Daventry Court ENG"]
[Date "2015.05.02"]
[Round "9.99"]
[White "Meszaros, Gyula"]
[Black "Cowan, Richard M"]
[Result "1/2-1/2"]
[WhiteElo "2267"]
[BlackElo "2027"]
[PlyCount "70"]
[EventDate "2015.05.02"]

1. d4 Nf6 2. Bg5 d5 3. Bxf6 exf6 4. e3 c6 5. c4 Be6 6. cxd5 cxd5 7. Nc3 Nc6 8.
Nge2 Bd6 9. g3 O-O 10. Bg2 Qa5 11. O-O Rad8 12. a3 Bb8 13. Qb3 Rd7 14. Qa2 Ne7
15. Nc1 Qd8 16. Nd3 b6 17. Rac1 h5 18. Ne2 g6 19. Nb4 Kg7 20. Qb3 h4 21. Nc6
Nxc6 22. Rxc6 Rd6 23. Rxd6 Qxd6 24. Qb5 Rh8 25. Nf4 hxg3 26. hxg3 Rd8 27. Rc1
g5 28. Nd3 Bf5 29. Nb4 Be4 30. Qc6 Qe7 31. Bxe4 Qxe4 32. Qc2 Qf3 33. Qd1 Qe4
34. Qc2 Qf3 35. Qd1 Qe4 1/2-1/2

[Event "4NCL Division 3"]
[Site "Daventry Court ENG"]
[Date "2015.05.02"]
[Round "9.99"]
[White "Mounce, Richard B"]
[Black "Dengler, Dijana"]
[Result "0-1"]
[WhiteElo "2019"]
[BlackElo "2070"]
[PlyCount "52"]
[EventDate "2015.05.02"]

1. e4 e6 2. d4 d5 3. Nc3 Bb4 4. e5 c5 5. a3 Bxc3+ 6. bxc3 Ne7 7. Qg4 O-O 8. h4
f5 9. Qg3 Nbc6 10. Ne2 Qa5 11. Kd1 Qa4 12. Bg5 f4 13. Bxf4 Nf5 14. Qd3 cxd4 15.
cxd4 Nfxd4 16. Bg3 Nb4 17. Nc3 Nxd3 18. Nxa4 Nxf2+ 19. Bxf2 Rxf2 20. c3 Nc6 21.
Rb1 Nxe5 22. Nc5 b6 23. Nd3 Nxd3 24. Bxd3 Bd7 25. c4 Rxg2 26. Rc1 Rc8 0-1

[Event "4NCL Division 3"]
[Site "Daventry Court ENG"]
[Date "2015.05.02"]
[Round "9.99"]
[White "Devangi, Patankar"]
[Black "Flint, Martina"]
[Result "1-0"]
[WhiteElo "2100"]
[BlackElo "1840"]
[PlyCount "67"]
[EventDate "2015.05.02"]

1. e4 d6 2. d4 g6 3. Nc3 Bg7 4. Be3 c6 5. Qd2 Qc7 6. f4 Nf6 7. h3 Nbd7 8. e5
Nd5 9. Nxd5 cxd5 10. Nf3 Nb6 11. b3 Bf5 12. Bb5+ Nd7 13. Rc1 O-O 14. O-O h6 15.
c4 dxc4 16. Bxc4 Qd8 17. Bd5 Rb8 18. g4 Nb6 19. Bxf7+ Rxf7 20. gxf5 gxf5 21. e6
Rf6 22. d5 Qe8 23. Kh2 Qb5 24. Rg1 Kh7 25. Qg2 Rg8 26. Bd4 Nxd5 27. Bxf6 Nxf6
28. Nh4 Bf8 29. Qc2 Ne4 30. Rxg8 Kxg8 31. Rg1+ Kh7 32. Qg2 Nf6 33. Qg6+ Kh8 34.
Qf7 1-0

[Event "4NCL Division 3"]
[Site "Daventry Court ENG"]
[Date "2015.05.02"]
[Round "9.99"]
[White "Anderson, Paul W"]
[Black "Manelidou, Maria"]
[Result "0-1"]
[WhiteElo "1831"]
[BlackElo "2055"]
[PlyCount "73"]
[EventDate "2015.05.02"]

1. c4 c6 2. Nc3 d5 3. cxd5 cxd5 4. d4 Nc6 5. g3 Nf6 6. Bg2 e6 7. e3 a6 8. Nf3
Bd6 9. O-O O-O 10. a3 Bd7 11. Re1 Rc8 12. b4 Nxb4 13. Bd2 Nd3 14. Re2 Nb2 15.
Qb3 Nc4 16. Be1 b5 17. e4 Nxe4 18. Nxe4 dxe4 19. Rxe4 Bc6 20. Re2 Bd5 21. Ne5
Bxg2 22. Kxg2 Be7 23. Bc3 Qd5+ 24. Kg1 Rfd8 25. Rc2 Nxe5 26. Qxd5 Rxd5 27. dxe5
Rdc5 28. Bb4 Rxc2 29. Bxe7 Rc1+ 30. Rxc1 Rxc1+ 31. Kg2 a5 32. h4 Rc4 33. Kf1 b4
34. axb4 axb4 35. Ke1 b3 36. Ba3 Ra4 37. Bc5 0-1

[Event "4NCL Division 3"]
[Site "Daventry Court ENG"]
[Date "2015.05.02"]
[Round "9.150"]
[White "Munshi, Aditya"]
[Black "Andrews, Norman G"]
[Result "1-0"]
[WhiteElo "1922"]
[BlackElo "1780"]
[PlyCount "51"]
[EventDate "2015.05.02"]
[WhiteTeam "Midland Monarchs 1"]
[BlackTeam "Jorvik"]

1. e4 c5 2. Nf3 Nc6 3. d4 cxd4 4. Nxd4 Nf6 5. Nc3 e5 6. Ndb5 d6 7. Bg5 a6 8.
Na3 b5 9. Nd5 h6 10. Bxf6 gxf6 11. c4 Qa5+ 12. Qd2 b4 13. Nxf6+ Ke7 14. Nd5+
Kd7 15. Nc2 Rb8 16. b3 Qc5 17. Be2 Kd8 18. O-O a5 19. Kh1 Be6 20. f4 exf4 21.
Nxf4 Bg7 22. Rad1 Kc7 23. Nxe6+ fxe6 24. Rf7+ Kb6 25. Rxg7 Qe5 26. Qe3+ 1-0

[Event "4NCL Division 3"]
[Site "Daventry Court ENG"]
[Date "2015.05.02"]
[Round "9.99"]
[White "Pafura, Godfrey"]
[Black "Hatchett, Paul D"]
[Result "1-0"]
[WhiteElo "2075"]
[BlackElo "1992"]
[PlyCount "63"]
[EventDate "2015.05.02"]

1. d4 Nf6 2. Nf3 g6 3. e3 Bg7 4. c4 O-O 5. Nc3 d6 6. Be2 Nbd7 7. O-O e5 8. Qc2
Re8 9. Rd1 e4 10. Nd2 Qe7 11. b4 Nf8 12. Ba3 Bf5 13. Nd5 Nxd5 14. cxd5 Bxd4 15.
Rac1 Qg5 16. Nf1 Bb6 17. Bb2 Nd7 18. Bb5 f6 19. Ng3 Rad8 20. a4 a6 21. Bf1 Rc8
22. a5 Ba7 23. Qa4 Bg4 24. Rd2 h5 25. Qc2 f5 26. Ne2 Bxe2 27. Rxe2 Ne5 28. Qa4
Re7 29. Bxe5 Rxe5 30. Qd7 Rd8 31. Qxc7 f4 32. exf4 1-0

[Event "4NCL Division 3"]
[Site "Daventry Court ENG"]
[Date "2015.05.02"]
[Round "9.99"]
[White "Bevan, Peter M"]
[Black "Foley, John P"]
[Result "1-0"]
[WhiteElo "1984"]
[BlackElo "1985"]
[PlyCount "53"]
[EventDate "2015.05.02"]

1. c4 c5 2. Nc3 Nc6 3. g3 g6 4. e3 Bg7 5. Nge2 Nf6 6. Bg2 O-O 7. O-O e5 8. d3
d6 9. b3 Be6 10. Bb2 Qd7 11. Re1 Nh5 12. Ne4 h6 13. d4 cxd4 14. exd4 exd4 15.
Nxd4 Nxd4 16. Bxd4 Bg4 17. Qd2 a6 18. Bxg7 Kxg7 19. Qd4+ Kg8 20. Qxd6 Rad8 21.
Qxd7 Bxd7 22. Nc5 b6 23. Nxa6 Be6 24. Rad1 Bg4 25. f3 Bc8 26. Nb4 Bb7 27. Rd3 {
Unable to read remaining moves} 1-0

[Event "4NCL Division 3"]
[Site "Daventry Court ENG"]
[Date "2015.05.02"]
[Round "9.99"]
[White "Amato, Giampiero"]
[Black "Taylor, Robert G"]
[Result "1/2-1/2"]
[WhiteElo "1934"]
[BlackElo "1946"]
[PlyCount "86"]
[EventDate "2015.05.02"]

1. e4 c5 2. Nf3 e6 3. d4 cxd4 4. Nxd4 Nc6 5. Nc3 Qc7 6. g3 a6 7. Bg2 d6 8. O-O
Bd7 9. Re1 Nf6 10. a4 Be7 11. Nb3 O-O 12. a5 Ne5 13. Nd2 Rac8 14. h3 Bc6 15. f4
Ned7 16. Nf3 Rfd8 17. Nd4 Nc5 18. Nxc6 bxc6 19. Qe2 Rb8 20. b3 Nfd7 21. Bd2 d5
22. exd5 cxd5 23. Nxd5 exd5 24. Qxe7 Re8 25. Qg5 Ne4 26. Bxe4 dxe4 27. Rac1 Nf6
28. g4 Qd6 29. Re2 Nd5 30. c4 Nf6 31. Bc3 Rxb3 32. Bxf6 Qxf6 33. Qxf6 gxf6 34.
Kg2 Ra3 35. c5 Rxa5 36. c6 e3 37. c7 Rc8 38. Rxe3 Kf8 39. Rd3 Ra2+ 40. Kg3 Re2
41. Rd6 Re6 42. Rdc6 Rxc6 43. Rxc6 43... a5 {Unable to read remaining moves}
1/2-1/2

[Event "4NCL Division 3"]
[Site "Daventry Court ENG"]
[Date "2015.05.02"]
[Round "9.159"]
[White "Lawson, Maurice E"]
[Black "O'Donnell, David"]
[Result "1-0"]
[WhiteElo "1953"]
[BlackElo "1946"]
[PlyCount "53"]
[EventDate "2015.05.02"]
[WhiteTeam "BCM Rhinos [2]"]
[BlackTeam "Rhyfelwyr Essyllwg 2"]

1. e4 e6 2. d4 d5 3. Nc3 Bb4 4. exd5 exd5 5. Bd3 Nc6 6. a3 Bxc3+ 7. bxc3 Nge7
8. Qf3 Be6 9. Ne2 Qd7 10. O-O O-O-O 11. a4 Bg4 12. Qe3 Ng6 13. Ba3 Rde8 14. Qd2
Nh4 15. f3 Bh5 16. Ng3 Na5 17. Nf5 Nxf5 18. Bb4 Nc4 19. Bxc4 dxc4 20. Rfe1
Rxe1+ 21. Rxe1 Qxa4 22. Re5 Qd7 23. Qe2 b5 24. Qe4 c6 25. Qxf5 Qxf5 26. Rxf5 f6
27. Rf4 1-0

[Event "4NCL Division 3"]
[Site "Daventry Court ENG"]
[Date "2015.05.02"]
[Round "9.165"]
[White "Hall, John"]
[Black "Davies, Matthew"]
[Result "1/2-1/2"]
[WhiteElo "2216"]
[BlackElo "1950"]
[PlyCount "37"]
[EventDate "2015.05.02"]
[WhiteTeam "Leeds University Old Boys"]
[BlackTeam "West is Best 2"]

1. e4 e6 2. d4 d5 3. Nc3 Nf6 4. Bg5 dxe4 5. Nxe4 Be7 6. Bxf6 gxf6 7. Nf3 b6 8.
Bc4 Bb7 9. Qe2 Nd7 10. O-O-O f5 11. Nc3 Bxf3 12. Qxf3 c6 13. Qxc6 Rc8 14. Qa4
O-O 15. Bb5 Nf6 16. Rd3 Nd5 17. Nxd5 Qxd5 18. Rdd1 Bf6 19. Qb3 1/2-1/2

[Event "4NCL Division 3"]
[Site "Daventry Court ENG"]
[Date "2015.05.02"]
[Round "9.167"]
[White "Deighton, Simon"]
[Black "Staniforth, Matthew"]
[Result "1/2-1/2"]
[WhiteElo "2095"]
[BlackElo "1881"]
[PlyCount "43"]
[EventDate "2015.05.02"]
[WhiteTeam "Leeds University Old Boys"]
[BlackTeam "West is Best 2"]

1. d4 Nf6 2. c4 c5 3. d5 e5 4. Nc3 d6 5. e4 Nbd7 6. Bd3 Be7 7. Be3 Nf8 8. f3
Ng6 9. g3 h6 10. Qd2 Nh5 11. Nge2 Bg5 12. f4 exf4 13. gxf4 Bxf4 14. Bxf4 Nhxf4
15. O-O-O Nxe2+ 16. Qxe2 Bd7 17. Rhg1 Qe7 18. e5 Qxe5 19. Bxg6 Qxe2 20. Nxe2
fxg6 21. Rxg6 O-O-O 22. Rxg7 1/2-1/2

[Event "4NCL Division 3"]
[Site "Daventry Court ENG"]
[Date "2015.05.02"]
[Round "9.168"]
[White "Iyengar, Srihari"]
[Black "Taylor, Mark"]
[Result "0-1"]
[WhiteElo "1883"]
[BlackElo "1990"]
[PlyCount "50"]
[EventDate "2015.05.02"]
[WhiteTeam "West is Best 2"]
[BlackTeam "Leeds University Old Boys"]

1. d4 e6 2. Nf3 f5 3. Bg5 Nf6 4. e3 Be7 5. Nbd2 b6 6. Bd3 Bb7 7. h3 Ne4 8. Bxe7
Qxe7 9. O-O O-O 10. Qe2 Rf6 11. Kh2 Rh6 12. Rg1 Nxd2 13. Qxd2 Nc6 14. c3 Rf8
15. e4 fxe4 16. Bxe4 d5 17. Bc2 e5 18. Raf1 e4 19. Ne5 Nxe5 20. dxe5 Qxe5+ 21.
Kh1 Qe6 22. Kh2 Qd6+ 23. Kh1 Rf3 24. g3 Rxh3+ 25. Kg2 Rfxg3+ 0-1

[Event "4NCL Division 3"]
[Site "Daventry Court ENG"]
[Date "2015.05.02"]
[Round "9.169"]
[White "Bourne, Iain"]
[Black "Griffiths, Hywel"]
[Result "0-1"]
[WhiteElo "2020"]
[BlackElo "1802"]
[PlyCount "66"]
[EventDate "2015.05.02"]
[WhiteTeam "Leeds University Old Boys"]
[BlackTeam "West is Best 2"]

1. d4 Nf6 2. c4 g6 3. f3 Bg7 4. e4 d6 5. Nc3 O-O 6. Nge2 Nbd7 7. Bg5 c5 8. Qd2
Qa5 9. Nc1 cxd4 10. Nd5 Qxd2+ 11. Kxd2 Nxd5 12. exd5 Re8 13. Bd3 e5 14. dxe6
fxe6 15. Re1 Nc5 16. Bc2 e5 17. b4 Ne6 18. Ba4 Rf8 19. Be7 Bh6+ 20. Kc2 Nf4 21.
g4 Ng2 22. Rg1 Ne3+ 23. Kd3 Rxf3 24. Ke4 Rf4+ 25. Kd3 Bxg4 26. Bxd6 Bf5+ 27.
Ke2 Ng4 28. h3 Rf2+ 29. Kd1 Ne3+ 30. Ke1 Rb2 31. Bb3 Nc2+ 32. Bxc2 Rxc2 33. c5
Bxc1 0-1

[Event "4NCL Division 3"]
[Site "Daventry Court ENG"]
[Date "2015.05.02"]
[Round "9.170"]
[White "Smith, Steve"]
[Black "Harvey, John"]
[Result "0-1"]
[WhiteElo "1751"]
[BlackElo "1832"]
[PlyCount "68"]
[EventDate "2015.05.02"]
[WhiteTeam "West is Best 2"]
[BlackTeam "Leeds University Old Boys"]

1. e4 c5 2. c3 e6 3. d4 d5 4. e5 Nc6 5. Nf3 Nge7 6. a3 Nf5 7. b4 cxd4 8. cxd4
Qb6 9. Bb2 Bd7 10. Be2 Be7 11. O-O f6 12. g4 Nh6 13. h3 Nf7 14. exf6 gxf6 15.
Nc3 O-O-O 16. Rc1 a6 17. Na4 Qc7 18. Nc5 h5 19. Nxa6 bxa6 20. Bxa6+ Kb8 21. b5
hxg4 22. bxc6 gxf3 23. Qxf3 Rdg8+ 24. Kh1 Ng5 25. Qb3+ Ka7 26. Rc3 Bxc6 27. Bb5
Nxh3 28. Rxh3 Rxh3+ 29. Qxh3 Bxb5 30. Rc1 Qb8 31. Qc3 Rh8+ 32. Kg2 Qh2+ 33. Kf3
Rh3+ 34. Kg4 Be2+ 0-1

[Event "4NCL Division 3"]
[Site "Daventry Court ENG"]
[Date "2015.05.02"]
[Round "9.176"]
[White "Peters, John A"]
[Black "Gostelow, Dave"]
[Result "0-1"]
[WhiteElo "1976"]
[BlackElo "2080"]
[PlyCount "88"]
[EventDate "2015.05.02"]
[WhiteTeam "Iceni 1"]
[BlackTeam "Shropshire"]

1. e4 c5 2. Nf3 Nc6 3. Bb5 g6 4. Bxc6 dxc6 5. d3 Bg7 6. h3 Nf6 7. Nc3 O-O 8.
Be3 b6 9. a4 a5 10. Bf4 Nd7 11. Qd2 Re8 12. g4 e5 13. Bg5 f6 14. Bh6 Nf8 15.
Bxg7 Kxg7 16. Ne2 Ra7 17. Nh2 Ne6 18. c3 Rd7 19. O-O-O Ba6 20. d4 cxd4 21. Ng3
Nc5 22. Qe1 Nd3+ 23. Rxd3 Bxd3 24. g5 dxc3 25. gxf6+ Qxf6 26. Qe3 Qf4 27. bxc3
Qxe3+ 28. fxe3 Rf8 29. Ng4 Re7 30. Rg1 Kh8 31. h4 h5 32. Nh2 Rf2 33. Nhf1 Bxf1
34. Nxf1 Ref7 35. Nd2 Kh7 36. Nc4 Rf1+ 37. Rxf1 Rxf1+ 38. Kd2 Rh1 39. Nxe5 Rxh4
40. Nf3 Rg4 41. e5 Kg7 42. Nd4 h4 43. Ne6+ Kf7 44. Nf4 g5 0-1

[Event "4NCL Division 3"]
[Site "Daventry Court ENG"]
[Date "2015.05.02"]
[Round "9.177"]
[White "Bryant, Richard BE"]
[Black "Daugman, John G"]
[Result "1/2-1/2"]
[WhiteElo "2020"]
[BlackElo "1992"]
[PlyCount "54"]
[EventDate "2015.05.02"]
[WhiteTeam "Shropshire"]
[BlackTeam "Iceni 1"]

1. e4 c5 2. Nc3 Nc6 3. f4 e6 4. Nf3 d6 5. Bb5 Nge7 6. O-O a6 7. Bxc6+ Nxc6 8.
d3 Be7 9. Qe1 O-O 10. Qg3 b5 11. Kh1 b4 12. Nd1 f5 13. b3 fxe4 14. Bb2 Bf6 15.
dxe4 Bxb2 16. Nxb2 a5 17. Rfd1 Ba6 18. e5 d5 19. Ng5 Bc8 20. Ne4 Qe7 21. Nd6
Nd4 22. Nd3 Nf5 23. Nxf5 Rxf5 24. Qf2 d4 25. Kg1 Bb7 26. Rf1 Raf8 27. Qg3 Qc7
1/2-1/2

[Event "4NCL Division 3"]
[Site "Daventry Court ENG"]
[Date "2015.05.02"]
[Round "9.178"]
[White "Botham, C Paul"]
[Black "Paul, Nathanael"]
[Result "1-0"]
[WhiteElo "2001"]
[BlackElo "1967"]
[PlyCount "147"]
[EventDate "2015.05.02"]
[WhiteTeam "Iceni 1"]
[BlackTeam "Shropshire"]

1. c4 d6 2. Nc3 g6 3. Nf3 Bg7 4. g3 c5 5. Bg2 Nc6 6. O-O e5 7. d3 Nge7 8. a3
O-O 9. Rb1 a5 10. Bd2 h6 11. e4 Rb8 12. Nd5 b5 13. Nxe7+ Qxe7 14. b3 b4 15. a4
Be6 16. Ne1 Qd7 17. Nc2 Bh3 18. Qe2 Bxg2 19. Kxg2 g5 20. Rbe1 Rbe8 21. h3 f5
22. exf5 Qxf5 23. Qe4 Qd7 24. Qg4 Qf7 25. Qe4 Nd4 26. Nxd4 exd4 27. Qc6 Rxe1
28. Bxe1 Qe6 29. Qe4 Qf7 30. Bd2 Re8 31. Qf3 Qg6 32. Re1 Rf8 33. Qe4 Qf6 34.
Qe6+ Qf7 35. f4 Bf6 36. Qxf7+ Kxf7 37. g4 Rd8 38. f5 Be5 39. Kf3 Kf6 40. Rh1
Kg7 41. h4 Bf6 42. hxg5 hxg5 43. Rh5 Re8 44. Bxg5 Bxg5 45. Rxg5+ Kf8 46. Rg6
Re3+ 47. Kf4 Rxd3 48. Rxd6 Rxb3 49. Kg5 Re3 50. Kf6 Re7 51. Rd8+ Re8 52. Rd7
Rb8 53. Rf7+ Kg8 54. Kg6 b3 55. Rg7+ Kf8 56. Rh7 Rb6+ 57. f6 Ke8 58. Rh8+ Kd7
59. Rh7+ Ke6 60. f7 b2 61. Rh1 Ke5+ 62. Kg7 Rb7 63. Kg8 Rb8+ 64. f8=Q Rxf8+ 65.
Kxf8 d3 66. Kf7 Kf4 67. g5 Kxg5 68. Rf1 Kg4 69. Ke6 Kg3 70. Kd5 d2 71. Kxc5 Kg2
72. Rb1 Kf3 73. Kd4 Ke2 74. Rxb2 1-0

[Event "4NCL Division 3"]
[Site "Daventry Court ENG"]
[Date "2015.05.02"]
[Round "9.179"]
[White "Tarr, Steve"]
[Black "Downham, Alan F"]
[Result "0-1"]
[WhiteElo "1840"]
[BlackElo "1984"]
[PlyCount "40"]
[EventDate "2015.05.02"]
[WhiteTeam "Shropshire"]
[BlackTeam "Iceni 1"]

1. d4 d5 2. Bf4 e6 3. e3 Bd6 4. Bg3 f5 5. Nf3 Bxg3 6. hxg3 Nf6 7. Nbd2 Qe7 8.
Ne5 Nbd7 9. Ng6 hxg6 10. Rxh8+ Kf7 11. Nf3 Qb4+ 12. Qd2 Qxb2 13. Ng5+ Ke7 14.
Rc1 Qxa2 15. Qb4+ c5 16. dxc5 a5 17. Qb5 Qa3 18. Kd2 Nxc5 19. Qb1 Nfe4+ 20.
Nxe4 Nxe4+ 0-1

[Event "4NCL Division 3"]
[Site "Daventry Court ENG"]
[Date "2015.05.02"]
[Round "9.180"]
[White "Szymanski, Mark"]
[Black "Lewis, Christopher"]
[Result "1-0"]
[WhiteElo "1900"]
[BlackElo "1847"]
[PlyCount "87"]
[EventDate "2015.05.02"]
[WhiteTeam "Iceni 1"]
[BlackTeam "Shropshire"]

1. c4 e5 2. g3 Ne7 3. Nc3 c6 4. d4 exd4 5. Qxd4 d5 6. Bg2 Be6 7. Bf4 dxc4 8.
Qxd8+ Kxd8 9. O-O-O+ Kc8 10. e4 Ng6 11. Nf3 Bc5 12. Rd2 Rd8 13. Rhd1 Rxd2 14.
Rxd2 h6 15. Nd4 Bxd4 16. Rxd4 Na6 17. Bd6 f5 18. e5 Nc7 19. h4 Ne8 20. f4 Nxd6
21. Rxd6 Nf8 22. Na4 Kc7 23. Nc5 Re8 24. Nxe6+ Rxe6 25. Rd4 b5 26. Bh3 g6 27.
h5 a5 28. a4 Nd7 29. hxg6 Rxg6 30. Bxf5 Rg7 31. axb5 cxb5 32. Rd5 Kc6 33. Rd6+
Kc7 34. g4 Nc5 35. Rxh6 Nb3+ 36. Kb1 Nd4 37. Bg6 Rd7 38. Rh7 b4 39. Rxd7+ Kxd7
40. Bf7 Ne2 41. f5 c3 42. f6 Nd4 43. bxc3 bxc3 44. g5 1-0

[Event "4NCL Division 3"]
[Site "Daventry Court ENG"]
[Date "2015.05.02"]
[Round "9.185"]
[White "Myall, Ivan"]
[Black "Hackner, Oskar A"]
[Result "1/2-1/2"]
[WhiteElo "2087"]
[BlackElo "2175"]
[PlyCount "153"]
[EventDate "2015.05.02"]
[WhiteTeam "Anglian Avengers 2"]
[BlackTeam "Bradford DCA Knights A"]

1. e4 e6 2. d4 d5 3. e5 c5 4. c3 Qb6 5. Nf3 Nc6 6. a3 f6 7. Bd3 c4 8. Bc2 fxe5
9. dxe5 Nh6 10. O-O Nf7 11. Qe2 g6 12. Ra2 Bg7 13. Bf4 Bd7 14. Nbd2 Qc7 15. Re1
b5 16. b3 O-O 17. bxc4 bxc4 18. h4 Nh6 19. Bh2 Qd8 20. Ng5 Nf5 21. Qg4 h6 22.
Ngf3 Be8 23. Qh3 Qa5 24. g4 Nfe7 25. Re3 Rb8 26. Qf1 Qc5 27. Qe2 Bd7 28. Nf1
Rb6 29. Qd1 Rfb8 30. Nd4 Rb2 31. Rxb2 Rxb2 32. a4 Nxd4 33. cxd4 Qb6 34. Re2 Rb4
35. Bf4 c3 36. Be3 Qa6 37. Ng3 Bxa4 38. Bxa4 Rxa4 39. Qb3 Qc4 40. Qxc4 Rxc4 41.
Rc2 Nc6 42. Ne2 Bxe5 43. dxe5 d4 44. Nxd4 Nxd4 45. Bxd4 Rxd4 46. f3 Rd1+ 47.
Kf2 Rd2+ 48. Rxd2 cxd2 49. Ke2 Kf7 50. Kxd2 Ke7 51. Kc3 Kd7 52. Kd4 Kc6 53. f4
a5 54. f5 exf5 55. h5 gxh5 56. gxf5 a4 57. f6 Kd7 58. Kd5 a3 59. e6+ Ke8 60.
Kd6 a2 61. f7+ Kf8 62. Kd7 a1=Q 63. e7+ Kxf7 64. e8=Q+ Kg7 65. Qe7+ Kg6 66.
Qe4+ Kg5 67. Qg2+ Kf5 68. Qf3+ Kg6 69. Qe4+ Kf6 70. Qe6+ Kg5 71. Qe3+ Kg4 72.
Qe4+ Kg3 73. Qe3+ Kg2 74. Qe2+ Kg1 75. Qe3+ Kf1 76. Qf3+ Kg1 77. Qe3+ 1/2-1/2

[Event "4NCL Division 3"]
[Site "Daventry Court ENG"]
[Date "2015.05.02"]
[Round "9.186"]
[White "Jennings, Roger"]
[Black "Lemoir, David"]
[Result "0-1"]
[WhiteElo "2107"]
[BlackElo "2097"]
[PlyCount "66"]
[EventDate "2015.05.02"]
[WhiteTeam "Bradford DCA Knights A"]
[BlackTeam "Anglian Avengers 2"]

1. g3 e5 2. Bg2 Nc6 3. d3 f5 4. Nf3 Nf6 5. O-O Be7 6. Nc3 O-O 7. Bg5 d6 8. Nh4
f4 9. e3 Bg4 10. Qd2 Nh5 11. Bxe7 Nxe7 12. exf4 exf4 13. h3 Bd7 14. g4 f3 15.
Bxf3 Nf4 16. Bg2 Nc6 17. Nf3 Nxh3+ 18. Bxh3 Rxf3 19. Bg2 Nd4 20. Ne2 Nxe2+ 21.
Qxe2 Rf4 22. Bd5+ Kh8 23. f3 Qg5 24. Bxb7 Rb8 25. Rae1 h5 26. Ba6 Bxg4 27. Qg2
Qh4 28. Bc4 Bxf3 29. Rxf3 Qxe1+ 30. Kh2 Rh4+ 31. Rh3 Qe5+ 32. Kg1 Rf8 33. Rf3
Qe1+ 0-1

[Event "4NCL Division 3"]
[Site "Daventry Court ENG"]
[Date "2015.05.02"]
[Round "9.187"]
[White "Wallis, Ian"]
[Black "Drabble, Andrew"]
[Result "1/2-1/2"]
[WhiteElo "2072"]
[BlackElo "2049"]
[PlyCount "35"]
[EventDate "2015.05.02"]
[WhiteTeam "Anglian Avengers 2"]
[BlackTeam "Bradford DCA Knights A"]

1. e4 e6 2. d4 d5 3. Nd2 dxe4 4. Nxe4 Nd7 5. Nf3 Ngf6 6. Nxf6+ Nxf6 7. Bg5 Be7
8. Bd3 c5 9. Qd2 Qb6 10. O-O-O cxd4 11. Nxd4 Bd7 12. Nb3 Bc6 13. f3 Nd5 14.
Bxe7 Nxe7 15. Qg5 Ng6 16. Rhe1 Qc7 17. h4 Qe7 18. Qxe7+ 1/2-1/2

[Event "4NCL Division 3"]
[Site "Daventry Court ENG"]
[Date "2015.05.02"]
[Round "9.188"]
[White "Nicholson, Jim WR"]
[Black "Cook, Michael"]
[Result "1/2-1/2"]
[WhiteElo "2020"]
[BlackElo "1976"]
[PlyCount "73"]
[EventDate "2015.05.02"]
[WhiteTeam "Bradford DCA Knights A"]
[BlackTeam "Anglian Avengers 2"]

1. d4 Nf6 2. Nf3 e6 3. Bg5 c5 4. e3 Qb6 5. Qc1 Be7 6. Nbd2 d5 7. c3 Bd7 8. Bd3
Bb5 9. Bxb5+ Qxb5 10. Ne5 Nc6 11. Ndf3 Nxe5 12. dxe5 Ne4 13. Bxe7 Kxe7 14. Qc2
Rac8 15. a4 Qa6 16. Qe2 Rc6 17. Qxa6 Rxa6 18. Ke2 Rb6 19. Rhb1 Rc8 20. Ne1 c4
21. Nc2 Nc5 22. a5 Rbc6 23. Nd4 Ra6 24. Ra3 f6 25. exf6+ Kxf6 26. f4 Ne4 27.
Nc2 Nc5 28. Nb4 Rd6 29. Rd1 Ne4 30. Rf1 g6 31. g4 Rg8 32. Raa1 Nc5 33. Rad1 Ke7
34. Ra1 Nb3 35. Ra3 Nc5 36. Raa1 Nb3 37. Ra3 1/2-1/2